A tanyai kisvasút

Elmentve itt :
Bibliográfiai részletek
Szerző: Kozma Marcell
Dokumentumtípus: Cikk
Megjelent: 1931-01-01
Sorozat:Délmagyarország 7 No. 1
Online Access:http://dmarchiv.bibl.u-szeged.hu/47378
LEADER 00403nab a2200145 i 4500
001 delm47378
005 20180927134922.0
008 180927s1931 hu o 0|| hun d
040 |a SZTE Délmagyarország Archívum  |b hun 
041 |a hun 
100 1 |a Kozma Marcell 
245 1 2 |a A tanyai kisvasút  |h [elektronikus dokumentum] /  |c  Kozma Marcell 
260 |c 1931-01-01 
300 |a 11 
490 0 |a Délmagyarország  |v 7 No. 1